000 01412nam a2200397Ia 4500
001 Z_6768
003 CHAP
005 20251028095048.0
008 220113s2015 xx 000 0 und d
010 _a170045
040 _cCHAP
090 _aTesis A48 2443
100 _aAlvarez González, Diego
_9130347
245 _aAlimentación complementaria predestete de tres grupos raciales de ovinos /
_cDiego Alvarez González y María Elena Martínez Martínez
260 _aMéxico :
_bEl autor,
_c2015
300 _aCD
502 _aTesis (Ingeniero Agrónomo Especialista en Zootecnia) -- UACh, 2015 \ Dirección: José Ayala Oseguera; asesoría; José Luis Zaragoza Ramírez y José Isidro Alejos de la Fuente
650 0 _aCorderos
_9142611
650 _aDietas
_932541
650 _aGanado ovino
_9139065
650 _aOvejas
_9137237
650 _aPeso vivo
_9145555
650 _aRaza
_994876
650 _aSuplementación
_9142326
650 _aTipo de parto
_9145877
700 _a Alejos de la Fuente, José Isidro, asesor
_9145277
700 _a Ayala Oseguera, José, director
_9142196
700 _a Sosa Montes, Eliseo, asesor
_9143277
700 _aMartínez Martínez, María Elena, coaut.
_9145878
856 4 2 _uhttp://10.13.5.2/tesis/sist112178.pdf
_yDescargar PDF
901 _aTESIS A48 2443
902 _aM
910 _a2015
942 _c2
_2ddc
942 _c2
_2ddc
999 _c170045
_d170045